|
|
|
|
| LEADER |
00000nam a22000007a 4500 |
| 005 |
20220817021622.0 |
| 007 |
cr|||| |||| |
| 008 |
220817s2018 br |||||s|||| 00||0 por d |
| 020 |
|
|
|a 978-85-93741-35-7
|
| 035 |
|
|
|a 36843
|
| 040 |
|
|
|a vLex
|
| 090 |
|
|
|c 13721
|d 13721
|
| 100 |
1 |
|
|a Ferreira Filho, Paulo Sřgio
|
| 245 |
1 |
0 |
|a Polt̕ica Habitacional no Sčulo XXI
|h [Recurso electrn̤ico] :
|b Moradia nas Cidades Inteligentes /
|c Paulo Sřgio Ferreira Filho, Rafael da Mota Mendonȧ, Vńia Siciliano Aieta
|
| 256 |
|
|
|a Servicio en ln̕ea
|
| 260 |
|
|
|a Rio de Janeiro:
|b Editora Processo,
|c 2018
|
| 300 |
|
|
|a 1 recurso electrn̤ico
|
| 500 |
|
|
|a A obra dos professores Paulo Sřgio Ferreira Filho, Rafael da Mota Mendonȧ e Vńia Siciliano Aieta oferece uma clara e panorḿica visô de como vm̊ sendo realizados os estudos e pesquisas sobre a Polt̕ica Habitacional do Sčulo XXI. Os autores apresentam uma anl̀ise refinada e vasta do Direito da Cidade, destacando-se uma abordagem sobre cidades inteligentes, a reformulaȯ̂ das polt̕icas de habitaȯ̂ e a participaȯ̂ do setor privado e o papel do Poder Executivo e do Poder Judicir̀io no desenvolvimento de polt̕icas urbanas de regularizaȯ̂ fundir̀ia e urbans̕tica. O livro reflete mais uma vez a significativa qualidade cientf̕ica da pesquisa do PPGD da Faculdade de Direito da UERJ, apontando caminhos alternativos para uma cidade que deve ser concebida, planejada e avaliada nos tempos hodiernos. Trata-se, pois, de uma obra fundamental nô somente pelo exame claro e reflexivo dos elementos que cercam a cidade, como tambm̌ pela incisiva contribuiȯ̂ ao direito da cidade e de sua relaȯ̂ com a sociedade e o Poder Pb︢lico.
|
| 506 |
1 |
|
|a Disponible solo en los productos indicados
|d vLex Global
|d vLex Global (Academic Edition, excluding Law Schools)
|d vLex Global (U.S. Academic Edition, Law Schools)
|d vLex Global (U.S. Academic Edition, excluding Law Schools)
|d vLex Global (Academic Edition, Law Schools)
|
| 650 |
0 |
4 |
|a Derecho Pb︢lico y Administrativo
|z Brasil
|
| 650 |
0 |
4 |
|a Urbanismo
|z Brasil
|
| 700 |
1 |
|
|a da Mota Mendonȧ, Rafael
|
| 700 |
1 |
|
|a Siciliano Aieta, Vńia
|
| 740 |
0 |
|
|a vLex Libros (Servicio en ln̕ea)
|
| 856 |
4 |
0 |
|u https://app.vlex.com/#/sources/36843
|z Acceso restringido
|
| 942 |
|
|
|c BOOK
|
| 999 |
0 |
|
|a Public and Administrative Law
|
| 999 |
0 |
|
|a Urban planning
|